000 00669nam a2200241 i 4500
001 C2-0275118
003 PPAK
005 20180728003957.0
008 061015s2005 nyua|||| ||||| | eng d
020 _a0439718309
040 _aPPAK
_beng
_cPPAK
_erda
082 0 4 _a031.02
_223
090 0 0 _a031.02
_bPAC
_dRLCK
100 1 _aPackard, Mary,
_eauthor
245 1 0 _aRipley's believe it or not!
264 1 _aNew York :
_bScholastic Inc. ,
_c2005
300 _a144 pages :
_bcolour illustrations ;
_c27 cm
336 _2rdacontent
_atext
337 _2rdamedia
_aunmediated
338 _2rdacarrier
_avolume
650 1 0 _aCuriosities and wonders.
942 _ddc
_cB
999 _c82808
_d82808